The consequences to come : (Record no. 2060)

000 -LEADER
fixed length control field 02255nam a22004817a 4500
001 - CONTROL NUMBER
control field 15107456
003 - CONTROL NUMBER IDENTIFIER
control field OSt
005 - DATE AND TIME OF LATEST TRANSACTION
control field 20210414110146.0
008 - FIXED-LENGTH DATA ELEMENTS--GENERAL INFORMATION
fixed length control field 071210s2008 nyu 000 0deng
010 ## - LIBRARY OF CONGRESS CONTROL NUMBER
LC control number 2007049852
020 ## - INTERNATIONAL STANDARD BOOK NUMBER
International Standard Book Number 9781590172988 (alk. paper)
020 ## - INTERNATIONAL STANDARD BOOK NUMBER
International Standard Book Number 1590172981 (alk. paper)
040 ## - CATALOGING SOURCE
Original cataloging agency DLC
Transcribing agency DLC
Modifying agency DLC
Language of cataloging eng
041 ## - LANGUAGE CODE
Language code of text/sound track or separate title eng
043 ## - GEOGRAPHIC AREA CODE
Geographic area code n-us---
050 00 - LIBRARY OF CONGRESS CALL NUMBER
Classification number E902
Item number .C659 2008
080 ## - UNIVERSAL DECIMAL CLASSIFICATION NUMBER
Universal Decimal Classification number 32
Item number S-60
082 00 - DEWEY DECIMAL CLASSIFICATION NUMBER
Classification number 973.93
Edition number 22
100 ## - MAIN ENTRY--PERSONAL NAME
9 (RLIN) 1312
Personal name Silvers, B. Robert
Relator term Editor
245 04 - TITLE STATEMENT
Title The consequences to come :
Remainder of title American power after Bush /
Statement of responsibility, etc. edited by Robert B. Silvers, with Michael Shae.
260 ## - PUBLICATION, DISTRIBUTION, ETC.
Place of publication, distribution, etc. New York
Name of publisher, distributor, etc. New York Review Books
Date of publication, distribution, etc. 2008.
300 ## - PHYSICAL DESCRIPTION
Extent xii, 172 p.
Dimensions 21 cm.
365 ## - TRADE PRICE
Price amount 14.95 usd
490 0# - SERIES STATEMENT
Series statement New York Review Books collections
505 0# - FORMATTED CONTENTS NOTE
Formatted contents note Cheney : the fatal touch / Joan Didion -- No exit / Joseph Lelyveld -- "The moment has come to get rid of Saddam" / Mark Danner -- The victor? / Peter Galbraith -- Bush's amazing achievement / Jonathan Freedland -- Cracks in the house of Rove / Jonathan Raban -- Ideas for Democrats / Frank Rich -- The Democrats / Michael Tomasky.
600 10 - SUBJECT ADDED ENTRY--PERSONAL NAME
Personal name Bush, George W.
Fuller form of name (George Walker),
Dates associated with a name 1946-
General subdivision Political and social views.
600 10 - SUBJECT ADDED ENTRY--PERSONAL NAME
Personal name Cheney, Richard B.
General subdivision Political and social views.
600 10 - SUBJECT ADDED ENTRY--PERSONAL NAME
Personal name Bush, George W.
Fuller form of name (George Walker),
Dates associated with a name 1946-
General subdivision Influence.
600 10 - SUBJECT ADDED ENTRY--PERSONAL NAME
Personal name Cheney, Richard B.
General subdivision Influence.
610 20 - SUBJECT ADDED ENTRY--CORPORATE NAME
Corporate name or jurisdiction name as entry element Democratic Party (U.S.)
650 #0 - SUBJECT ADDED ENTRY--TOPICAL TERM
9 (RLIN) 443
Topical term or geographic name entry element Politics
651 #0 - SUBJECT ADDED ENTRY--GEOGRAPHIC NAME
Geographic name United States
General subdivision Politics and government
Chronological subdivision 2001-2009.
651 #0 - SUBJECT ADDED ENTRY--GEOGRAPHIC NAME
Geographic name United States
General subdivision Foreign relations
Chronological subdivision 2001-
653 ## - INDEX TERM--UNCONTROLLED
Uncontrolled term პოლიტიკა
700 1# - ADDED ENTRY--PERSONAL NAME
Personal name Silvers, Robert B.
Relator term Editor
700 1# - ADDED ENTRY--PERSONAL NAME
Personal name Shae, Michael.
Relator term Editor
856 41 - ELECTRONIC LOCATION AND ACCESS
Materials specified Table of contents only
Uniform Resource Identifier <a href="http://www.loc.gov/catdir/toc/ecip087/2007049852.html">http://www.loc.gov/catdir/toc/ecip087/2007049852.html</a>
856 42 - ELECTRONIC LOCATION AND ACCESS
Materials specified Contributor biographical information
Uniform Resource Identifier <a href="http://www.loc.gov/catdir/enhancements/fy0809/2007049852-b.html">http://www.loc.gov/catdir/enhancements/fy0809/2007049852-b.html</a>
856 42 - ELECTRONIC LOCATION AND ACCESS
Materials specified Publisher description
Uniform Resource Identifier <a href="http://www.loc.gov/catdir/enhancements/fy0809/2007049852-d.html">http://www.loc.gov/catdir/enhancements/fy0809/2007049852-d.html</a>
906 ## - LOCAL DATA ELEMENT F, LDF (RLIN)
a 7
b cbc
c orignew
d 1
e ecip
f 20
g y-gencatlg
942 ## - ADDED ENTRY ELEMENTS (KOHA)
Source of classification or shelving scheme
Koha item type Books
Holdings
Withdrawn status Lost status Source of classification or shelving scheme Damaged status Not for loan Permanent location Current location Date acquired Inventory number Total Checkouts Full call number Barcode Date last seen Price effective from Koha item type
          Ken Walker International University Ken Walker International University 03/09/2021 655   32 S-60 655 03/09/2021 03/09/2021 Books

Powered by Koha